Introduction of C++/ (Record no. 211481)

MARC details
000 -LEADER
fixed length control field 00538nam a22001937a 4500
005 - DATE AND TIME OF LATEST TRANSACTION
control field 20250602112258.0
010 ## - LCCN (DPL NO)
LC control number ENG-145083
020 ## - INTERNATIONAL STANDARD BOOK NUMBER
International Standard Book Number 9788190720342
Terms of availability 180.00
035 ## - SYSTEM CONTROL NUMBER
System control number EN-128615
037 ## - SOURCE OF ACQUISITION
Source of stock number/acquisition DBAD
082 ## - DEWEY DECIMAL CLASSIFICATION NUMBER
Classification number 005
Edition number 1
100 ## - MAIN ENTRY--PERSONAL NAME
Personal name T. Ananda Prakash
245 ## - TITLE STATEMENT
Title Introduction of C++/
Statement of responsibility, etc T. Ananda Prakash
250 ## - EDITION STATEMENT
Edition statement 1
260 ## - PUBLICATION, DISTRIBUTION, ETC. (IMPRINT)
Place of publication, distribution, etc Chennai
Name of publisher, distributor, etc Bala Books
Date of publication, distribution, etc 2008
270 ## - ADDRESS
City Chennai
Address No. 15, Ko.su.Mani Street. Choolaimedu
300 ## - PHYSICAL DESCRIPTION
Extent 187p. :
Dimensions 20cm (pb)
942 ## - ADDED ENTRY ELEMENTS (KOHA)
Source of classification or shelving scheme Dewey Decimal Classification
Item type English Books
Classification part 005
Call number suffix TAN
Edition 1
Holdings
Withdrawn status Lost status Not for loan Collection code Home library Current library Date acquired Source of acquisition Cost, normal purchase price Full call number Barcode Copy number Cost, replacement price Koha item type
      Non-fiction New Police Line New Police Line 02/06/2025 DBAD 180.00 005 TAN EN-128615 1 180.00 English Books

© Delhi Public Library
Hit Counter
free hit counter